Central Library OPAC University of Rajshahi

The world since 1914 / (Record no. 63580)

MARC details
000 -LEADER
fixed length control field 00809nam a2200265 a 4500
001 - CONTROL NUMBER
control field 63580
003 - CONTROL NUMBER IDENTIFIER
rucl marc code BD-RjUL
005 - DATE AND TIME OF LATEST TRANSACTION
control field 20211209081219.0
008 - FIXED-LENGTH DATA ELEMENTS--GENERAL INFORMATION
fixed length control field 170131s 1948nyuab b 000 0 eng d
035 ## - SYSTEM CONTROL NUMBER
System control number (BD-RjUL)63709
040 ## - CATALOGING SOURCE
Original cataloging agency BNG
Transcribing agency BNG
Modifying agency BD-RjUL
Language of cataloging eng
041 ## - LANGUAGE CODE
Language code of text/sound track or separate title eng
082 ## - DEWEY DECIMAL CLASSIFICATION NUMBER
Edition number 23
Classification number 909.82
Author mark and year LAW 1948
100 1# - MAIN ENTRY--PERSONAL NAME
Personal name Langsam, Walter Consuelo,
Dates associated with a name 1906-
9 (RLIN) 188977
245 14 - TITLE STATEMENT
Title The world since 1914 /
Statement of responsibility, etc. Walter Consuelo Langsam
250 ## - EDITION STATEMENT
Edition statement 6th ed
260 ## - PUBLICATION, DISTRIBUTION, ETC. (IMPRINT)
Place of publication, distribution, etc. New York :
Name of publisher, distributor, etc. Macmillan,
Date of publication, distribution, etc. c1948
300 ## - PHYSICAL DESCRIPTION
Pagination xviii, 969, 113 p. :
Illustrations ill. ;
Size 22 cm.
504 ## - BIBLIOGRAPHY, ETC. NOTE
Bibliography, etc Bibliography: p.[1]-70 at end
650 #0 - SUBJECT ADDED ENTRY--TOPICAL TERM
Topical term or geographic name as entry element History, Modern
Chronological subdivision 20th century
9 (RLIN) 177793
Topical term or geographic name as entry element World politics
9 (RLIN) 172417
Topical term or geographic name as entry element World War, 1914-1918
9 (RLIN) 175832
Topical term or geographic name as entry element World War, 1914-1918
General subdivision Influence
9 (RLIN) 173306
942 ## - ADDED ENTRY ELEMENTS (KOHA)
Source of classification or shelving scheme Dewey Decimal Classification
Koha item type Books
Holdings
Lost status Source of classification or shelving scheme Damaged status Not for loan Collection code Permanent Location Current Location Shelving location Date acquired Source of acquisition Total Checkouts Full call number Date last seen Copy number Koha item type
  Dewey Decimal Classification   Not For Loan Non-fiction Central Library, University of Rajshahi Central Library, University of Rajshahi Reading Room 08/01/1962 Asia Foundation   909.82 LAW 1948 31/01/2017 C-1 Books